000 00314nam a22001337a 4500
020 _a0-446-67748-5
082 _a100
_bKIY/R
100 _aKIYOSKI,ROBERT T
245 _aRICH KID SMART KID
260 _aNEWYORK
_bWARNER BUSINESS BOOKS
300 _a264
650 _aPERSONALITY DEVELOPMENT
_zNEW YORK
942 _cBK
999 _c5250
_d5250